| 000 | 01311cam a22003734a 4500 | ||
|---|---|---|---|
| 001 | 1861 | ||
| 003 | FISKH | ||
| 005 | 20231006091310.0 | ||
| 008 | 030513s2004 mnua b 000 0 eng | ||
| 010 | _a 2003010975 | ||
| 020 | _a0736829148 (hardcover) | ||
| 020 | _a0736828737 (softcover) | ||
| 040 |
_aDLC _cDLC _dDLC _beng |
||
| 042 |
_apcc _alcac |
||
| 050 | 0 | 0 |
_aBF294 _b.R44 2004 |
| 082 | 0 | 0 |
_a152.14/23 _221 |
| 100 | 1 | _aReed, Janet | |
| 245 | 1 | 0 |
_aAnimal patterns / _cby Janet Reed |
| 260 |
_aMankato, Minn. : _bCapstone Press, _c2004. |
||
| 300 |
_a17 pages : _bcolor illustrations ; _c21 cm. |
||
| 440 | 0 |
_aYellow Umbrella Books for early readers _nLevel A, _pMath |
|
| 505 | _aI | ||
| 520 | _aAn introduction to the concept of patterns, using examples from the coats and feathers of animals as well as the designs some make. | ||
| 521 | 8 |
_a450
_bLexile estimate |
|
| 521 | 8 |
_aI
_bRaz-Plus |
|
| 524 | _aI | ||
| 650 | 0 |
_aPattern perception _vJuvenile literature. |
|
| 650 | 0 |
_aAnimals _vJuvenile literature. |
|
| 650 | 1 | _aPattern perception. | |
| 650 | 1 | _aAnimals. | |
| 906 |
_a7 _bcbc _corignew _d1 _eecip _f20 _gy-gencatlg |
||
| 942 |
_2ddc _cBK _n0 |
||
| 999 |
_c1861 _d1861 |
||